The creative process : (Record no. 122152)

MARC details
000 -CABECERA
campo de control de longitud fija 00714nam a2200205 a 4500
005 - FECHA Y HORA DE LA ÚLTIMA TRANSACCIÓN
campo de control 20240924063827.0
008 - ELEMENTOS DE LONGITUD FIJA--INFORMACIÓN GENERAL
campo de control de longitud fija 070328s1990 ea r 000 0 spa d
020 ## - NÚMERO INTERNACIONAL NORMALIZADO PARA LIBROS
Número Internacional Estándar del Libro 0823610861
035 ## - NÚMERO DE CONTROL DEL SISTEMA
Número de control de sistema UPN01000150011
049 ## - COLECCIÓN
Colección CG
050 #4 - SIGNATURA TOPOGRÁFICA DE LA BIBLIOTECA DEL CONGRESO
Número de clasificación BF408
Número de documento/Ítem S5.3
100 1# - ASIENTO PRINCIPAL--NOMBRE PERSONAL
Nombre de persona Smith, Gudmund J. W.
245 14 - MENCIÓN DE TÍTULO
Título The creative process :
Resto del título a functional model based on empirical studies from early childhood to middle age /
Mención de responsabilidad, etc. Gudmund J. W. Smith and Ingegerd M. Carlsson.
260 ## - PUBLICACIÓN, DISTRIBUCIÓN, ETC.
Lugar de publicación, distribución, etc. Connecticut, E.U.A. :
Nombre del editor, distribuidor, etc. Iternational Universities Press,
Fecha de publicación, distribución, etc. c1990.
300 ## - DESCRIPCIÓN FÍSICA
Extensión 243 p.
440 #0 - MENCIÓN DE SERIE/ASIENTO SECUNDARIO--TÍTULO
Título Psychological issues ;
Designación de volumen o secuencia 57
650 #4 - ASIENTO SECUNDARIO DE MATERIA - TERMINO TEMATICO
Término de materia o nombre geográfico como elemento de entrada Aptitud creadora en niños
9 (RLIN) 462
700 1# - ASIENTO SECUNDARIO--NOMBRE DE PERSONAL
Nombre de persona Carlsson, Ingegerd M.,
Término indicativo de función/relación coaut.
905 ## - TIPO DE MATERIAL
Tipo de material Libro
Holdings
Estado de retiro Estado de pérdida Fuente del sistema de clasificación o colocación Estado dañado No para préstamo Código de colección Localización permanente Ubicación/localización actual Ubicación en estantería Total de préstamos Clasificación Código de barras Fecha visto por última vez Número de copia Tipo de ítem Koha
    Library of Congress Classification     Colección General Bib. Gregorio Torres Quintero Bib. Gregorio Torres Quintero Planta baja   BF408 S5.3 240350 31/12/2020 1 Libro